00452 2200181 4500001002100000008004100021035002000062245006100082100002100143250000600164260002900170300001200199084001400211082000800225650001300233990001200246990001200258INLIS000000000000787 ind  a0010-0524000022 aBank Soal & Prediksi Ujian Nasional IPAcJoko Widjatmoko aWidjatmoko, Joko a1 aYogyakarta :bAndic2013 a254 hlm a607 JOK b a607 aNonFiksi a0740423 a0740424